<?xml version="1.0" encoding="UTF-8"?><?xml-stylesheet type="text/xsl" href="static/style.xsl"?><OAI-PMH xmlns="http://www.openarchives.org/OAI/2.0/" xmlns:xsi="http://www.w3.org/2001/XMLSchema-instance" xsi:schemaLocation="http://www.openarchives.org/OAI/2.0/ http://www.openarchives.org/OAI/2.0/OAI-PMH.xsd"><responseDate>2026-06-07T19:15:46Z</responseDate><request verb="GetRecord" identifier="oai:docta.ucm.es:20.500.14352/137053" metadataPrefix="marc">https://docta.ucm.es/rest/oai/request</request><GetRecord><record><header><identifier>oai:docta.ucm.es:20.500.14352/137053</identifier><datestamp>2026-06-01T23:49:24Z</datestamp><setSpec>com_20.500.14352_14</setSpec><setSpec>col_20.500.14352_15</setSpec></header><metadata><record xmlns="http://www.loc.gov/MARC21/slim" xmlns:dcterms="http://purl.org/dc/terms/" xmlns:xsi="http://www.w3.org/2001/XMLSchema-instance" xmlns:doc="http://www.lyncode.com/xoai" xsi:schemaLocation="http://www.loc.gov/MARC21/slim http://www.loc.gov/standards/marcxml/schema/MARC21slim.xsd">
   <leader>00925njm 22002777a 4500</leader>
   <datafield ind2=" " ind1=" " tag="042">
      <subfield code="a">dc</subfield>
   </datafield>
   <datafield ind2=" " ind1=" " tag="720">
      <subfield code="a">Solana Madruga, Elena</subfield>
      <subfield code="e">author</subfield>
   </datafield>
   <datafield ind2=" " ind1=" " tag="720">
      <subfield code="a">Ritter, Clemens</subfield>
      <subfield code="e">author</subfield>
   </datafield>
   <datafield ind2=" " ind1=" " tag="720">
      <subfield code="a">Mentré, Olivier</subfield>
      <subfield code="e">author</subfield>
   </datafield>
   <datafield ind2=" " ind1=" " tag="720">
      <subfield code="a">Attfield, J. Paul</subfield>
      <subfield code="e">author</subfield>
   </datafield>
   <datafield ind2=" " ind1=" " tag="720">
      <subfield code="a">Arévalo López, Ángel M.</subfield>
      <subfield code="e">author</subfield>
   </datafield>
   <datafield ind2=" " ind1=" " tag="260">
      <subfield code="c">2022</subfield>
   </datafield>
   <datafield ind2=" " ind1=" " tag="520">
      <subfield code="a">We present Mn2LiReO6 synthesised at high pressure in two different polymorphs. They are the only A-site manganites with an ideal +/7+ charge distribution over the B/B′ sites. The lower pressure polymorph crystallises in a polar R3 ordered-ilmenite type structure (OIL) with a calculated 26.9 μC cm−2 electrical polarisation. It shows a cluster spin glass behaviour due to Li/Mn anti-site mixing. The well-ordered higher-pressure double-perovskite polymorph (DPv, P21/n) develops weak-ferromagnetism with giant magnetic coercivity (HC = 6.9 T at 2 K) due to magnetocrystalline anisotropy enhanced by symmetry-restricted exchange interactions but in the absence of spin–orbit coupling.</subfield>
   </datafield>
   <datafield ind1="8" ind2=" " tag="024">
      <subfield code="a">10.	E. Solana-Madruga, C. Ritter, O. Mentré, J. P. Attfield, A. M. Arévalo-López. Giant coercivity and spin clusters in high pressure polymorphs of Mn2LiReO6. J. Mater. Chem. C, 2022,10, 4336-4341. doi: 10.1039/d2tc00451h</subfield>
   </datafield>
   <datafield ind1="8" ind2=" " tag="024">
      <subfield code="a">10.1039/d2tc00451h</subfield>
   </datafield>
   <datafield ind1="8" ind2=" " tag="024">
      <subfield code="a">https://hdl.handle.net/20.500.14352/137053</subfield>
   </datafield>
   <datafield ind1="8" ind2=" " tag="024">
      <subfield code="a">https://doi.org/10.1039/D2TC00451H</subfield>
   </datafield>
   <datafield ind1="8" ind2=" " tag="024">
      <subfield code="a">https://pubs.rsc.org/en/content/articlelanding/2022/tc/d2tc00451h</subfield>
   </datafield>
   <datafield ind2="0" ind1="0" tag="245">
      <subfield code="a">Giant coercivity and spin clusters in high pressure polymorphs of Mn2LiReO6</subfield>
   </datafield>
</record></metadata></record></GetRecord></OAI-PMH>